| 000 | 01417nam0a2200349 4500 | ||
|---|---|---|---|
| 001 | RU\NLR\BIBL_A\016251660 | ||
| 005 | 20230216155703.0 | ||
| 010 |
_a978-5-907546-32-5 _95000 |
||
| 021 |
_aRU _bКН-П-22-082929 _9КН-П-22-7302 |
||
| 035 | _a(NLR Aleph) 016251660 | ||
| 090 |
_a12829444 _c12829444 |
||
| 100 | _a20221229d2022 e y0rusy50 ca | ||
| 101 | 0 | _arus | |
| 102 | _aRU | ||
| 105 | _aa|||z||||||a| | ||
| 181 | 1 |
_ai3 _baxxe |
|
| 182 | 1 | _an | |
| 200 | 1 |
_aНепрощенная _eроман _e[для старшего школьного возраста] _fА. А. Лиханов _gхудожник В. Г. Бритвин |
|
| 203 |
_aТекст _bвизуальный _cнепосредственный |
||
| 210 |
_aМосква _cДетская и юношеская книга _d2022 |
||
| 215 |
_a189, [2] с. _cил. _d21 |
||
| 225 | 1 | _aКлассная библиотека | |
| 225 | 1 | _aБиблиотека Альберта Лиханова | |
| 333 | _a16+ | ||
| 686 | 0 | _aШ9(2)62=Р7-4 | |
| 700 | 1 |
_7ca _8rus _aЛиханов _bА. А. _f1935-2021 _gАльберт Анатольевич _93860 _3RU\NLR\AUTH\7720794 |
|
| 702 | 1 |
_4440 _7ca _8rus _aБритвин _bВ. Г. _cхудожник _f1955-2023 _gВиктор Глебович _938384 _3RU\NLR\AUTH\7755452 |
|
| 942 | _cBOOK | ||
| 980 | _aNB | ||